000 00684cam a2200217 a 4500
001 4820012
005 20180109072127.0
008 891108s1991 nyua 001 0 eng
010 _a 89063912
020 _a0312012594
040 _aDLC
_cDLC
_dDLC
041 _aeng
080 _a428.6 KAR
082 _2426.8 KAR
100 1 _a46
101 _aEDU
245 1 0 _aReading together :
_cKarl Krahnke.
906 _a7
_bcbc
_corignew
_d3
_eopcn
_f19
_gy-gencatlg
942 _2ddc
_cBK
999 _c39904
_d39904